000 00382 a2200145 4500
999 _c6473
_d6473
020 _a0470210729
050 _aQE390INE 1989
100 _aIneson Peter
_eauthor
245 _aIntroduction to Practical ORE Microscopy:
_cP.R Ineson
264 _aUnited states:
_bLongman,
_c1989
300 _a170p.
500 _aincludes index
650 _aMicroscopy
942 _2lcc
_cBK
_h390
_iINE
_kQE